Minecraft - Devinez les entités par l'image - Statistiques

Statistiques générales
  • Ce quiz a été pris 32 fois
  • Le résultat moyen est 24 sur 171
Statistiques - réponses
Par images Réponse % Correct
Âne
48%
Creeper
44%
Boule de Neige
41%
Mule
41%
Tortue
41%
Vache
41%
Poisson-globe
37%
Renard
37%
Cheval
33%
Cheval-squelette
33%
Cochon
33%
Ghast
33%
Golem de Fer
33%
Slime
33%
Araignée
30%
Cheval-zombie
30%
Dauphin
30%
Dromadaire
30%
Ender Dragon
30%
Enderman
30%
Flèche
30%
Foudre
30%
Golem de Cuivre
30%
Golem de Neige
30%
Grenouille
30%
Loup
30%
Œuf
30%
Panda
30%
Poule
30%
Poulpe
30%
Sorcière
30%
Tableau
30%
Zombie
30%
Abeille
26%
Blaze
26%
Chat
26%
Chauve-souris
26%
Lapin
26%
Mouton
26%
Ocelot
26%
Perroquet
26%
Poisson d'argent
26%
Saumon
26%
Shulker
26%
Têtard
26%
TNT
26%
Trident
26%
Villageois
26%
Warden
26%
Araignée Venimeuse
22%
Axolotl
22%
Ballon
22%
Chèvre
22%
Endermite
22%
Gardien
22%
Lama
22%
Nautile
22%
Noyé
22%
Renifleur
22%
Tatou
22%
Wither
22%
Zombie-villageois
22%
Hoglin
19%
Marchand Ambulant
19%
Morue
19%
Ours Blanc
19%
Phantom
19%
Piglin
19%
Poisson Tropical
19%
Squelette
19%
Wither Squelette
19%
Allay
15%
Cube de Magma
15%
Ghast Joyeux
15%
Lapin Tueur
15%
Nautile-zombie
15%
Piglin Zombifié
15%
Arpenteur
11%
Bateau en Cerisier
11%
Bateau en Chêne
11%
Breeze
11%
Cadre
11%
Évocateur
11%
Fiole d'expérience
11%
Grand Gardien
11%
Œil de l'Ender
11%
Œuf Bleu
11%
Perle de l'Ender
11%
Porte-armure
11%
Vagabond
11%
Vex
11%
Wagonnet
11%
Zoglin
11%
Bateau en Acacia
7%
Bateau en Bouleau
7%
Bateau en Sapin
7%
Bloc Holographique
7%
Bloc qui Tombe
7%
Cristal de l'End
7%
Fusée de Feu d'artifice
7%
Géant
7%
Illusionniste
7%
Œuf Brun
7%
Orbe d'expérience
7%
Pillard
7%
Radeau en Bambou
7%
Ravageur
7%
Vindicateur
7%
Bateau en Acajou
4%
Bateau en Chêne Noir
4%
Bateau en Chêne Pâle
4%
Bateau en Palétuvier
4%
Caméra
4%
Charge de Vent
4%
Crâne de Wither
4%
Embourbé
4%
Grinceur
4%
Lama de Marchand
4%
Piglin Barbare
4%
Potion Jetable
4%
Poulpe Luisant
4%
Projectile de Shulker
4%
Agent
0%
Article
0%
Bateau de Stockage en Acacia
0%
Bateau de Stockage en Acajou
0%
Bateau de Stockage en Bouleau
0%
Bateau de Stockage en Cerisier
0%
Bateau de Stockage en Chêne
0%
Bateau de Stockage en Chêne Noir
0%
Bateau de Stockage en Chêne Pâle
0%
Bateau de Stockage en Palétuvier
0%
Bateau de Stockage en Sapin
0%
Bobber de Pêche
0%
Bombe de Glace
0%
Cadre Luisant
0%
Charge de Feu
0%
Cheval-zombie
0%
Chute de Gravier
0%
Chute de Poudre de Béton
0%
Chute de Sable
0%
Chute de Sable Rouge
0%
Chute de Sable Suspect
0%
Chutes de Neige
0%
Crachat de Lama
0%
Dalle de Concrétion Pointue Tombante
0%
Desséché
0%
Échafaudage qui s'effondre
0%
Enclume qui Tombe
0%
Flèche à Effet
0%
Flèche Spectrale
0%
Joueur
0%
Mâchoires d'évocateur
0%
Mannequin
0%
Momifié
0%
Mooshroom
0%
Noeud de Laisse
0%
NPC
0%
Nuage d'effet Persistant
0%
Œuf de Dragon qui Tombe
0%
Petite Charge de Feu
0%
Potion Persistante
0%
Radeau de Stockage en Bambou
0%
TNT Sous-marine
0%
Tombe de Gravier Suspect
0%
Wagonnet à Bloc de Commande
0%
Wagonnet à Entonnoir
0%
Wagonnet à TNT
0%
Wagonnet de Stockage
0%
Wagonnet Générateur de Créatures
0%
Wagonnet Motorisé
0%
Aucun quiz correspondant
Distribution des résultats
% des personnes avec chaque résultat
Percentile par nombre de réponses
Votre historique - résultats
Vous n’avez pas pris ce quiz